[Event "ICS rated standard match"]
[Site "204.178.125.65"]
[Date "2000.08.26"]
[Round "?"]
[White "Hossa"]
[Black "chuda"]
[Result "1-0"]
[WhiteElo "2239"]
[BlackElo "2103"]
[PlyCount "39"]
[EventDate "2000.??.??"]

1. e4 d5 2. exd5 Nf6 3. d4 Bg4 4. f3 Bf5 5. Bb5+ Nbd7 6. c4 e6 7. dxe6 Bxe6 8.
d5 Bf5 9. Nc3 Bb4 10. Qe2+ Qe7 11. Qxe7+ Bxe7 12. g4 Bd3 13. g5 Nh5 14. Be3 a6
15. Bxd7+ Kxd7 16. c5 Rae8 17. O-O-O Bc4 18. b3 Bf6 19. Ne4 Rxe4 20. fxe4 {
chuda resigns} 1-0

[Event "ICS rated standard match"]
[Site "204.178.125.65"]
[Date "2000.08.26"]
[Round "?"]
[White "Hossa"]
[Black "kajjohan"]
[Result "1-0"]
[WhiteElo "2249"]
[BlackElo "1979"]
[PlyCount "65"]
[EventDate "2000.??.??"]

1. e4 c5 2. Nf3 d6 3. Bb5+ Bd7 4. Bxd7+ Nxd7 5. O-O Qc7 6. d4 cxd4 7. Nxd4 a6
8. Bg5 h6 9. Be3 Ngf6 10. Nc3 e6 11. Nb3 Be7 12. Qf3 O-O 13. Qg3 Kh8 14. Nd2 b5
15. a3 a5 16. Rfc1 b4 17. Nb5 Qc6 18. Nd4 Qb7 19. axb4 axb4 20. f3 d5 21. e5
Nh7 22. f4 Bc5 23. N2b3 Rfc8 24. f5 Ndf8 25. Nxc5 Rxc5 26. Rxa8 Qxa8 27. f6 g5
28. Qh3 Ng6 29. Nxe6 Rxc2 30. Rxc2 fxe6 31. Qxh6 Qb7 32. Rc8+ Ngf8 33. Rxf8# {
kajjohan checkmated} 1-0

[Event "ICS rated standard match"]
[Site "204.178.125.65"]
[Date "2000.08.26"]
[Round "?"]
[White "PostModernist"]
[Black "Hossa"]
[Result "1/2-1/2"]
[WhiteElo "2368"]
[BlackElo "2255"]
[PlyCount "127"]
[EventDate "2000.??.??"]

1. d4 Nf6 2. c4 c5 3. d5 g6 4. Nf3 d6 5. g3 Bg4 6. Bg2 Bg7 7. Nc3 O-O 8. O-O
Na6 9. e4 Qd7 10. Re1 e5 11. Be3 Ne8 12. a3 f5 13. exf5 Qxf5 14. Nh4 Qd7 15.
Qd2 Bh3 16. Bh6 Bxg2 17. Nxg2 Qh3 18. Bxg7 Nxg7 19. Ne4 Nf5 20. Qg5 Nc7 21. f4
Nd4 22. Rf1 exf4 23. Nxf4 Qf5 24. Qxf5 Nxf5 25. Ne6 Nxe6 26. dxe6 h5 27. Rad1
Ne3 28. Rxf8+ Rxf8 29. Rc1 Nf5 30. Rc3 Kg7 31. Rd3 Re8 32. Nxd6 Nxd6 33. Rxd6
Kf6 34. e7+ Kf7 35. Kg2 Rxe7 36. Kf3 Kg7 37. h4 Kh6 38. b4 Rc7 39. b5 b6 40. a4
Rf7+ 41. Ke4 Rf2 42. a5 Re2+ 43. Kf3 Rc2 44. axb6 axb6 45. Rxb6 Rxc4 46. Rb8
Rb4 47. b6 Kg7 48. b7 Kh7 49. Ke3 Kg7 50. Kd3 Kh7 51. Kc2 Kg7 52. Kc3 Kh7 53.
Kd3 Kg7 54. Ke3 Kh7 55. Kd2 Kg7 56. Kc2 Rb6 57. Kc3 Rb4 58. Kd2 Rb1 59. Ke2
Rb2+ 60. Kf3 Rb4 61. Kg2 Rb2+ 62. Kf3 Rb4 63. Kf2 Rb2+ 64. Kf3 1/2-1/2

[Event "ICS rated standard match"]
[Site "204.178.125.65"]
[Date "2000.08.26"]
[Round "?"]
[White "Esen"]
[Black "Hossa"]
[Result "0-1"]
[WhiteElo "1937"]
[BlackElo "2260"]
[PlyCount "71"]
[EventDate "2000.??.??"]

1. d4 Nf6 2. Bf4 e6 3. Bg5 c5 4. Bxf6 Qxf6 5. c3 cxd4 6. Qxd4 Qd8 7. Nf3 Nc6 8.
Qd1 d5 9. e3 Bc5 10. Qc2 e5 11. Bb5 O-O 12. O-O Qf6 13. Nbd2 Bg4 14. h3 Bh5 15.
Nh2 a6 16. Bxc6 Bg6 17. Qd1 bxc6 18. Qf3 Qh4 19. Nb3 Bd6 20. Qg4 Qxg4 21. Nxg4
Bd3 22. Rfd1 Bc2 23. Rd2 Bxb3 24. axb3 f5 25. Nh2 e4 26. b4 g5 27. Nf1 f4 28.
exf4 gxf4 29. f3 e3 30. Re2 Rf6 31. Nh2 Kg7 32. Kf1 Rff8 33. Ng4 h5 34. Nh2 Be7
35. Ke1 d4 36. Kd1 {Esen resigns} 0-1

[Event "ICS rated standard match"]
[Site "204.178.125.65"]
[Date "2000.08.26"]
[Round "?"]
[White "Hossa"]
[Black "tiger10"]
[Result "0-1"]
[WhiteElo "2264"]
[BlackElo "2250"]
[PlyCount "92"]
[EventDate "2000.??.??"]

1. e4 e6 2. d4 d5 3. e5 c5 4. c3 Nc6 5. Nf3 Bd7 6. Be2 Nge7 7. O-O Nf5 8. dxc5
Bxc5 9. b4 Bb6 10. b5 Na5 11. Bd3 a6 12. bxa6 bxa6 13. Bxf5 exf5 14. Qxd5 O-O
15. Na3 Ba4 16. c4 Bc6 17. Qxd8 Rfxd8 18. Bb2 Rab8 19. Bc3 Bxf3 20. gxf3 Rd3
21. Rfc1 Nc6 22. Kg2 Bc5 23. Nb1 Nd4 24. Kf1 Nxf3 25. Ke2 Rbd8 26. h3 f4 27.
Kf1 Re8 28. a3 Nxe5 29. Re1 f6 30. Kg2 Rb8 31. Bxe5 fxe5 32. Ra2 f3+ 33. Kg3
Rb6 34. Kg4 Rg6+ 35. Kf5 Rf6+ 36. Kxe5 Rd7 37. Nd2 Re7+ 38. Kd5 Rf5+ 39. Kc6
Rxe1 40. Rb2 Re6+ 41. Kd7 Rd6+ 42. Kc8 Rf8+ 43. Kc7 Rf7+ 44. Kc8 Re6 45. Kd8
Kf8 46. Rb3 Re8# 0-1

[Event "ICS Rated standard match"]
[Site "204.178.125.65"]
[Date "2000.08.26"]
[Round "?"]
[White "chuda"]
[Black "Hossa"]
[Result "0-1"]
[WhiteElo "2093"]
[BlackElo "2247"]
[PlyCount "46"]
[EventDate "2000.??.??"]

1. e4 e5 2. Nf3 Nc6 3. Bb5 a6 4. Ba4 Nf6 5. O-O b5 6. Bb3 Nxe4 7. d4 exd4 8.
Nxd4 Bb7 9. Qf3 Ne5 10. Qf4 d6 11. Re1 Nf6 12. Nc3 c5 13. Ndxb5 axb5 14. Nxb5
Be7 15. Be3 Nh5 16. Qf5 g6 17. Qh3 Bc8 18. g4 Bxg4 19. Qg2 Bf3 20. Qh3 Bc6 21.
Bxc5 Bxb5 22. Bd4 Bc6 23. f4 Nf3+ {chuda resigns} 0-1

[Event "ICS rated standard match"]
[Site "204.178.125.65"]
[Date "2000.08.26"]
[Round "?"]
[White "Hossa"]
[Black "dori"]
[Result "1-0"]
[WhiteElo "2256"]
[BlackElo "2044"]
[PlyCount "69"]
[EventDate "2000.??.??"]

1. c4 c5 2. Nf3 Nf6 3. Nc3 d5 4. cxd5 Nxd5 5. d4 Nxc3 6. bxc3 g6 7. Bf4 Bg7 8.
e3 O-O 9. Bd3 cxd4 10. cxd4 Nc6 11. O-O Bg4 12. Be4 e5 13. dxe5 Qxd1 14. Rfxd1
Nxe5 15. Bxe5 Bxe5 16. Nxe5 Bxd1 17. Rxd1 Rfe8 18. Nd7 Rad8 19. Bxb7 Kg7 20. g3
Re7 21. Bc6 Re6 22. Ba4 Re4 23. Rd4 Rxd4 24. exd4 f5 25. f4 Kf7 26. Kf2 Ke6 27.
Nc5+ Kd5 28. Ke3 Kc4 29. Ne6 Rd6 30. Bb3+ Kc3 31. d5 a5 32. Nc5 Rd8 33. Nb7 Ra8
34. d6 a4 35. Bd1 {dori resigns} 1-0

[Event "ICS Rated standard match"]
[Site "204.178.125.65"]
[Date "2000.08.26"]
[Round "?"]
[White "Hossa"]
[Black "PostModernist"]
[Result "0-1"]
[WhiteElo "2263"]
[BlackElo "2370"]
[PlyCount "130"]
[EventDate "2000.??.??"]

1. c4 e5 2. d3 Nf6 3. Nf3 Nc6 4. Nc3 d6 5. Nd5 Bg4 6. h3 Bxf3 7. gxf3 Be7 8. f4
O-O 9. fxe5 Nxd5 10. cxd5 Nxe5 11. Qb3 b6 12. Bd2 Bg5 13. O-O-O Bxd2+ 14. Rxd2
c5 15. f4 Ng6 16. e3 Re8 17. f5 Nh4 18. e4 Qf6 19. Qd1 a5 20. Qg4 a4 21. Rg1 a3
22. Kb1 Ra5 23. b3 Kf8 24. Rc2 h6 25. Qf4 g5 26. Qg4 b5 27. Be2 Raa8 28. Re1 b4
29. Rg1 Re7 30. Qg3 Qd4 31. Bh5 Rd8 32. Rf1 Qf6 33. Qe1 Kg8 34. Rg1 Kh8 35. Qf2
Ra8 36. Qg3 Qd4 37. Rf1 Rd8 38. f6 Red7 39. Rff2 Re8 40. Bg4 Rdd8 41. Bd1 Ng6
42. Bh5 Ne5 43. Be2 c4 44. dxc4 Qxe4 45. Rf1 Rb8 46. Bg4 Qg6 47. Bf5 Qxf6 48.
Rcf2 Re7 49. Kc1 Rbe8 50. Be4 Qg7 51. Bb1 Nxc4 52. bxc4 Re1+ 53. Rxe1 Rxe1+ 54.
Kd2 Rxb1 55. Rf3 Qb2+ 56. Ke3 Qc3+ 57. Ke4 Qxc4+ 58. Kf5 Qxd5+ 59. Kg4 Qe4+ 60.
Rf4 gxf4 61. Qf2 Rh1 62. Kh4 f5 63. Qd4+ Qxd4 64. Kh5 Qf6 65. h4 Rxh4# {
Hossa checkmated} 0-1

[Event "ICS rated blitz match"]
[Site "204.178.125.65"]
[Date "2000.08.26"]
[Round "?"]
[White "Hossa"]
[Black "PostModernist"]
[Result "0-1"]
[WhiteElo "2500"]
[BlackElo "2677"]
[PlyCount "100"]
[EventDate "2000.??.??"]

1. d4 Nf6 2. c4 g6 3. Nc3 d5 4. Qb3 dxc4 5. Qxc4 Bg7 6. e4 O-O 7. Nf3 a6 8. Bd3
Bg4 9. Bg5 Nc6 10. Be3 Bxf3 11. gxf3 e5 12. d5 Nd4 13. Bxd4 exd4 14. Ne2 Nd7
15. O-O-O c5 16. dxc6 Rc8 17. Kb1 Rxc6 18. Qb4 Nc5 19. h4 Qd6 20. Qa5 Rfc8 21.
Bc4 d3 22. Qa3 Rb6 23. Bb3 d2 24. Nc1 dxc1=Q+ 25. Rxc1 Qd3+ 26. Ka1 Qxf3 27.
Rhf1 Nxb3+ 28. axb3 Rd8 29. Ka2 Qxe4 30. f4 a5 31. Rfd1 Bd4 32. Rf1 a4 33. b4
Bf6 34. Rfe1 Qxf4 35. Rf1 Qxh4 36. Rc2 Bg7 37. b5 Rxb5 38. Ka1 Rb3 39. Qc5 a3
40. Qc7 axb2+ 41. Kb1 Ra3 42. Qxf7+ Kh8 43. Qxg7+ Kxg7 44. Rc7+ Kg8 45. Rc2
Ra1+ 46. Kxb2 Qd4+ 47. Rc3 Qb6+ 48. Rb3 Rd2+ 49. Kxa1 Qa6+ 50. Kb1 Qxf1# {
Hossa checkmated} 0-1

[Event "ICS Rated standard match"]
[Site "204.178.125.65"]
[Date "2000.08.27"]
[Round "?"]
[White "Amateur"]
[Black "Hossa"]
[Result "1-0"]
[WhiteElo "2386"]
[BlackElo "2252"]
[PlyCount "191"]
[EventDate "2000.??.??"]

1. e4 e6 2. d4 d5 3. Nd2 c5 4. Ngf3 Nf6 5. exd5 exd5 6. Bb5+ Bd7 7. Bxd7+ Nbxd7
8. O-O Be7 9. dxc5 Nxc5 10. Re1 O-O 11. Nf1 Nce4 12. Be3 Re8 13. Bd4 Bc5 14.
Bxc5 Nxc5 15. Qd4 Ne6 16. Qb4 Qe7 17. Qxe7 Rxe7 18. Ne3 g6 19. Rad1 Nc7 20. Rd3
Rae8 21. Ra3 a6 22. Rb3 Ne6 23. Rb4 h6 24. Rd1 Rd8 25. Rh4 h5 26. c3 Red7 27.
Rb4 Kh8 28. Rb6 Kg8 29. a4 Rc7 30. a5 Rcd7 31. h3 Re7 32. Ne1 Kg7 33. Nf3 Kg8
34. Kh2 Kg7 35. Rd2 Red7 36. Rd1 Re7 37. Rb4 Nc5 38. Rdd4 Nce4 39. c4 Nxf2 40.
Nxd5 Nxd5 41. cxd5 f5 42. d6 Red7 43. Ne5 Rxd6 44. Rxb7+ Kg8 45. Rxd6 Rxd6 46.
Rb6 Ne4 47. Nxg6 Kh7 48. Nf8+ Kg8 49. Ne6 Rd2 50. b4 Rb2 51. Nc5 Nxc5 52. bxc5
Rc2 53. c6 Kf7 54. Rxa6 f4 55. Kg1 Ke6 56. Rb6 Rc5 57. a6 Kd6 58. Rb4 Ra5 59.
Rxf4 Rxa6 60. Rf6+ Kc7 61. Rh6 Ra5 62. Kf2 Rg5 63. h4 Rc5 64. g3 Kb6 65. Kf3
Rf5+ 66. Ke3 Kc7 67. Ke4 Ra5 68. Kd4 Kb6 69. Rf6 Ra4+ 70. Ke3 Rg4 71. Kf3 Rg8
72. Rh6 Rf8+ 73. Ke4 Rg8 74. Rxh5 Rxg3 75. Rh6 Rc3 76. Kd4 Rc1 77. h5 Rd1+ 78.
Ke5 Rc1 79. Kf4 Rc4+ 80. Kf5 Rc5+ 81. Kg4 Kc7 82. Re6 Rc4+ 83. Kf5 Rc5+ 84. Kg6
Rc1 85. h6 Rg1+ 86. Kf7 Rh1 87. Kg7 Ra1 88. h7 Rg1+ 89. Rg6 Rf1 90. h8=Q Rf3
91. Qa8 Rb3 92. Qa7+ Kc8 93. Qd7+ Kb8 94. c7+ Ka7 95. c8=Q+ Rb7 96. Qcxb7# {
Hossa checkmated} 1-0

[Event "ICS rated standard match"]
[Site "204.178.125.65"]
[Date "2000.08.27"]
[Round "?"]
[White "Hossa"]
[Black "nitmo"]
[Result "1-0"]
[WhiteElo "2242"]
[BlackElo "1959"]
[PlyCount "43"]
[EventDate "2000.??.??"]

1. e4 e5 2. Nf3 Nc6 3. Bb5 Nd4 4. Nxd4 exd4 5. O-O c6 6. Bc4 Nf6 7. e5 d5 8.
Be2 Nd7 9. f4 d3 10. Bxd3 Bc5+ 11. Kh1 Qh4 12. g3 Qh3 13. Be2 h5 14. d4 Bb6 15.
f5 Nf8 16. Rf4 g5 17. Bf1 gxf4 18. Bxh3 fxg3 19. hxg3 Bd7 20. Bg5 Rg8 21. Qxh5
Bxd4 22. e6 {nitmo resigns} 1-0

[Event "ICS rated blitz match"]
[Site "204.178.125.65"]
[Date "2000.08.27"]
[Round "?"]
[White "PostModernist"]
[Black "Hossa"]
[Result "1-0"]
[WhiteElo "2671"]
[BlackElo "2492"]
[PlyCount "99"]
[EventDate "2000.??.??"]

1. e4 e5 2. Bc4 Nf6 3. d3 Bc5 4. Nc3 c6 5. Bg5 d6 6. Nf3 O-O 7. O-O b5 8. Bxf6
gxf6 9. Nxb5 d5 10. Bb3 dxe4 11. dxe4 Qe7 12. Nc3 Bg4 13. Qe2 Rd8 14. h3 Bh5
15. Na4 Bd6 16. Qe3 Qf8 17. Rfd1 Na6 18. Bc4 Nc7 19. c3 Qg7 20. g4 Bg6 21. Nh4
Rd7 22. Nxg6 Qxg6 23. Nc5 Bxc5 24. Qxc5 Rxd1+ 25. Rxd1 Qxe4 26. Rd6 Qb1+ 27.
Kh2 Qxb2 28. Rxf6 Nd5 29. Qxc6 Nxf6 30. Qxa8+ Kg7 31. Qxa7 Kh6 32. Qe3+ Kg6 33.
Qf3 Qd2 34. Qf5+ Kg7 35. g5 Nd5 36. Qxe5+ Kg6 37. Bxd5 Qxf2+ 38. Bg2 h6 39. Qd4
Qb2 40. Qf6+ Kh7 41. Qxf7+ Kh8 42. Qf6+ Kg8 43. gxh6 Qb8+ 44. Kg1 Qg3 45. Kh1
Qe1+ 46. Kh2 Qe5+ 47. Qxe5 Kf7 48. h7 Kg6 49. h8=Q Kf7 50. Qhg7# {
Hossa checkmated} 1-0

[Event "ICS rated standard match"]
[Site "204.178.125.65"]
[Date "2000.08.27"]
[Round "?"]
[White "PostModernist"]
[Black "Hossa"]
[Result "1-0"]
[WhiteElo "2381"]
[BlackElo "2247"]
[PlyCount "185"]
[EventDate "2000.??.??"]

1. d4 Nf6 2. c4 c5 3. d5 g6 4. Nc3 Bg7 5. e4 d6 6. Bd3 e5 7. h3 Na6 8. Nf3 O-O
9. Bg5 h6 10. Be3 Nh5 11. Qd2 Nf4 12. Bxf4 exf4 13. Qxf4 f5 14. O-O Nb4 15. Bb1
fxe4 16. Qxe4 Bf5 17. Qe2 Bxb1 18. Rfxb1 Qd7 19. a3 Rae8 20. Qd2 Na6 21. Qd3 g5
22. Nb5 Nc7 23. Nxc7 Qxc7 24. Qg6 Rd8 25. Re1 Qf7 26. Qxf7+ Kxf7 27. Re6 b5 28.
cxb5 Bxb2 29. Rb1 Bf6 30. b6 Rd7 31. Nd2 Kg7 32. Ne4 Be7 33. bxa7 Rxa7 34. Nxd6
Bxd6 35. Rxd6 Rxa3 36. Rb7+ Rf7 37. Rxf7+ Kxf7 38. Rxh6 Rd3 39. d6 Kg7 40. Re6
c4 41. Kf1 c3 42. Re7+ Kg6 43. Rc7 Rd1+ 44. Ke2 Rd2+ 45. Ke3 Rxd6 46. Rxc3 Re6+
47. Kf3 Rf6+ 48. Kg3 Rf4 49. f3 Rd4 50. Re3 Kf5 51. Re4 Rd1 52. h4 gxh4+ 53.
Rxh4 Kg6 54. Kg4 Rd4+ 55. f4 Rd2 56. f5+ Kf6 57. Rh6+ Kg7 58. Rg6+ Kf7 59. Kh4
Ke7 60. g4 Rg2 61. Re6+ Kf8 62. g5 Rh2+ 63. Kg4 Kg7 64. Re7+ Kf8 65. f6 Rf2 66.
Kh5 Rd2 67. Kg6 Rd6 68. Ra7 Rd8 69. Rh7 Ke8 70. f7+ Ke7 71. f8=Q+ Kxf8 72. Rh8+
Ke7 73. Rxd8 Kxd8 74. Kh7 Ke8 75. g6 Kd7 76. g7 Kc6 77. g8=Q Kb5 78. Qf7 Kc5
79. Qb3 Kd4 80. Qc2 Kd5 81. Qa4 Ke5 82. Qd7 Ke4 83. Qd2 Kf3 84. Qe1 Kg2 85.
Qe2+ Kh1 86. Kg6 Kg1 87. Qd2 Kh1 88. Kh5 Kg1 89. Qe2 Kh1 90. Kh4 Kg1 91. Qd2
Kh1 92. Kh3 Kg1 93. Qe1# {Hossa checkmated} 1-0

[Event "ICS Rated standard match"]
[Site "204.178.125.65"]
[Date "2000.08.27"]
[Round "?"]
[White "Dorky"]
[Black "Hossa"]
[Result "1-0"]
[WhiteElo "2333"]
[BlackElo "2237"]
[PlyCount "147"]
[EventDate "2000.??.??"]

1. d4 Nf6 2. c4 c5 3. d5 g6 4. Nc3 Bg7 5. e3 O-O 6. Bd3 Na6 7. Nf3 d6 8. O-O
Nb4 9. Be2 Bf5 10. a3 Na6 11. Ng5 Qc7 12. e4 Bd7 13. Bf4 Rfd8 14. Qd2 h6 15.
Nf3 g5 16. e5 gxf4 17. exf6 Bxf6 18. Qxf4 Bg7 19. Nh4 e6 20. Rfe1 Rf8 21. Nb5
Bxb5 22. cxb5 Nb8 23. Qg4 Nd7 24. dxe6 Ne5 25. Qh3 fxe6 26. Qxe6+ Qf7 27. Qxf7+
Nxf7 28. Bc4 Bxb2 29. Rad1 Be5 30. Ng6 Rfd8 31. Nxe5 dxe5 32. Rc1 b6 33. f4 a5
34. bxa6 Kg7 35. fxe5 Re8 36. e6 Nd6 37. Bd3 Kf6 38. Rb1 Rxe6 39. Rxe6+ Kxe6
40. Rxb6 Kd7 41. a4 Ke6 42. Be4 Ra7 43. a5 Ke5 44. Bb7 Ke6 45. Kf1 c4 46. Ke2
Ke5 47. Kd2 Ke6 48. Kc3 Ke5 49. Kb4 c3 50. Kxc3 h5 51. Kc2 Nf5 52. Kd3 h4 53.
Rb5+ Kf6 54. Rb4 Kg5 55. Rb6 Ne7 56. Rb5+ Kf6 57. Rb6+ Kg5 58. Ke4 Ng6 59. h3
Nf8 60. Rd6 Nh7 61. Kd5 Kf5 62. Kc5 Ke5 63. Rd1 Kf6 64. Kb6 Rxa6+ 65. Bxa6 Nf8
66. Bc4 Ng6 67. a6 Nf4 68. a7 Nxg2 69. a8=Q Nf4 70. Qf8+ Ke5 71. Re1+ Kd4 72.
Qxf4+ Kc3 73. Rb1 Kc2 74. Qc1# {Hossa checkmated} 1-0

[Event "ICS rated standard match"]
[Site "204.178.125.65"]
[Date "2000.08.27"]
[Round "?"]
[White "nonnob3"]
[Black "Hossa"]
[Result "0-1"]
[WhiteElo "1912"]
[BlackElo "2230"]
[PlyCount "78"]
[EventDate "2000.??.??"]

1. b3 d5 2. Bb2 c5 3. e3 Nc6 4. Bb5 a6 5. Bxc6+ bxc6 6. f4 Bf5 7. Nf3 Nf6 8.
Ne5 d4 9. O-O dxe3 10. dxe3 Qxd1 11. Rxd1 Nd5 12. Kf2 Bxc2 13. Rd2 Be4 14. Nc3
Nxc3 15. Bxc3 e6 16. Rad1 f6 17. Nd7 Be7 18. Ba5 Bd5 19. Nb6 Rb8 20. Nc4 Kf7
21. g4 h5 22. g5 Bxc4 23. gxf6 Bxb3 24. axb3 gxf6 25. Rd7 Rb5 26. Bc7 Rxb3 27.
Bd6 Rb2+ 28. Kg3 Rg8+ 29. Kh3 Re8 30. Bxc5 Rc2 31. Bb4 c5 32. Ba5 f5 33. Ra7
Re2 34. Rd3 c4 35. Rc3 Rb8 36. Rxa6 Rbb2 37. Ra7 Rxh2+ 38. Kg3 h4+ 39. Kf3 Rh3#
{nonnob3 checkmated} 0-1

[Event "ICS rated blitz match"]
[Site "204.178.125.65"]
[Date "2000.08.27"]
[Round "?"]
[White "Hossa"]
[Black "LrGenius"]
[Result "1-0"]
[WhiteElo "2491"]
[BlackElo "2256"]
[PlyCount "51"]
[EventDate "2000.??.??"]

1. d4 Nf6 2. c4 g6 3. Nc3 d5 4. Qb3 dxc4 5. Qxc4 Bg7 6. e4 O-O 7. Nf3 Na6 8.
Qb3 c5 9. d5 e6 10. Bxa6 bxa6 11. Bg5 exd5 12. Nxd5 Be6 13. O-O-O Bxd5 14. exd5
Rb8 15. Qc4 Qb6 16. b3 Qa5 17. Kb1 Rb4 18. Bd2 Rfb8 19. d6 Nd7 20. Bxb4 Rxb4
21. Qc2 c4 22. Nd4 Nc5 23. Nc6 Qa3 24. d7 Rxb3+ 25. Qxb3 cxb3 26. Ne7+ {
LrGenius resigns} 1-0

[Event "ICS rated blitz match"]
[Site "204.178.125.65"]
[Date "2000.08.27"]
[Round "?"]
[White "LrGenius"]
[Black "Hossa"]
[Result "0-1"]
[WhiteElo "2249"]
[BlackElo "2498"]
[PlyCount "22"]
[EventDate "2000.??.??"]

1. e4 e5 2. Nf3 Nc6 3. Bb5 a6 4. Ba4 Nf6 5. O-O b5 6. Bb3 Nxe4 7. d4 exd4 8.
Re1 d5 9. Nxd4 Nxd4 10. Qxd4 Be6 11. Qd1 Bd6 {LrGenius resigns} 0-1

[Event "ICS rated blitz match"]
[Site "204.178.125.65"]
[Date "2000.08.27"]
[Round "?"]
[White "QueenMaxima"]
[Black "Hossa"]
[Result "1-0"]
[WhiteElo "2571"]
[BlackElo "2493"]
[PlyCount "119"]
[EventDate "2000.??.??"]

1. d4 Nf6 2. Bf4 e6 3. e3 d5 4. Nf3 c5 5. c3 Nc6 6. Nbd2 cxd4 7. exd4 Bd6 8.
Bg3 Bxg3 9. hxg3 O-O 10. Bd3 Qe7 11. Qc2 h6 12. O-O-O Bd7 13. Qb3 Rfc8 14. Rh4
Nb4 15. Be2 a5 16. Kb1 Qe8 17. cxb4 Ba4 18. Qd3 Bc2+ 19. Qxc2 Rxc2 20. Kxc2
Qa4+ 21. Kc1 Qxa2 22. Bd3 axb4 23. Re1 Rc8+ 24. Kd1 Qxb2 25. Ke2 b6 26. Rb1 Qa3
27. Rhh1 Ng4 28. Rb3 Qa5 29. Rhb1 Qa7 30. Rxb4 Rb8 31. Ne5 Nxe5 32. dxe5 Kf8
33. Rb5 g6 34. f4 Rb7 35. g4 Rb8 36. R1b4 Qc7 37. Nb3 Ke7 38. Ke3 g5 39. g3 Kd8
40. Nd2 Ke8 41. Rb1 Kd7 42. Nb3 Ke7 43. Rc1 Qa7 44. Nd4 Kf8 45. Rh1 Qc7 46.
Rbb1 Ra8 47. Rxh6 Ke7 48. Nxe6 Qc8 49. Nd4 Qg8 50. Rbxb6 Ke8 51. Rb7 gxf4+ 52.
gxf4 Kd8 53. Ra6 Rc8 54. e6 Qf8 55. exf7 Qxf7 56. Rxf7 Ke8 57. Raa7 Rc7 58.
Rfxc7 Kd8 59. Nc6+ Ke8 60. Rc8# 1-0

[Event "ICS rated blitz match"]
[Site "204.178.125.65"]
[Date "2000.08.27"]
[Round "?"]
[White "Hossa"]
[Black "QueenMaxima"]
[Result "0-1"]
[WhiteElo "2481"]
[BlackElo "2583"]
[PlyCount "166"]
[EventDate "2000.??.??"]

1. d4 e6 2. e4 Nc6 3. Nf3 d5 4. e5 Bd7 5. Nc3 f6 6. Be2 Bb4 7. a3 Bxc3+ 8. bxc3
fxe5 9. dxe5 Na5 10. Ng5 Qe7 11. Bd3 g6 12. O-O O-O-O 13. Nf3 Qc5 14. Be3 Qf8
15. Bg5 Ne7 16. Bf6 Rg8 17. Qd2 h5 18. Qg5 Re8 19. Rfd1 Qf7 20. Qe3 Nec6 21. a4
Ref8 22. Ng5 Qe8 23. f4 Kb8 24. Rab1 Qc8 25. Qd2 Be8 26. Ba6 Ka8 27. Bb5 a6 28.
Bd3 Qd7 29. Rb2 Qc8 30. Rdb1 Qd7 31. Qe3 Qc8 32. Qe2 Nb8 33. Ra1 Bc6 34. Qf2
Qe8 35. Qc5 b6 36. Qb4 Bb7 37. Rab1 Nbc6 38. Qa3 Nc4 39. Bxc4 dxc4 40. Qa2 Na5
41. Rd1 Qc6 42. Rd2 Qc5+ 43. Rf2 Qd5 44. Qa1 Qd7 45. Rb1 Qc6 46. Rd2 Qc5+ 47.
Rd4 h4 48. Qb2 h3 49. Nxh3 Nc6 50. Ng5 Nxd4 51. cxd4 Qd5 52. c3 Re8 53. Qe2
Rgf8 54. Rb4 a5 55. Rb5 Qc6 56. Qc2 Rg8 57. Rb1 Ref8 58. Nh7 Rc8 59. Re1 Ka7
60. Bg5 Rh8 61. Nf6 Rh3 62. Re2 Rd3 63. Re4 Rh8 64. h3 Rf8 65. Re2 Rg3 66. Kh2
Rd3 67. h4 Ka6 68. Kg1 Ba8 69. Ne4 Qb7 70. Bh6 Rh8 71. Bg7 Rxh4 72. Qc1 Qc6 73.
Bf6 Rg4 74. d5 Qxd5 75. Re1 Qd7 76. Qc2 Bxe4 77. Qc1 Qxa4 78. Kf1 Bxg2+ 79. Kf2
Qa2+ 80. Re2 Rf3+ 81. Kg1 Bf1+ 82. Kh1 Rh3+ 83. Rh2 Rxh2# 0-1

[Event "ICS rated blitz match"]
[Site "204.178.125.65"]
[Date "2000.08.27"]
[Round "?"]
[White "QueenMaxima"]
[Black "Hossa"]
[Result "1-0"]
[WhiteElo "2594"]
[BlackElo "2470"]
[PlyCount "179"]
[EventDate "2000.??.??"]

1. d4 Nf6 2. Bf4 e6 3. e3 Be7 4. Nc3 O-O 5. Bd3 Nc6 6. Nf3 Nh5 7. O-O Nxf4 8.
exf4 d6 9. Re1 Bf6 10. Bb5 Bd7 11. Ne4 a6 12. Ba4 b5 13. Bb3 Be7 14. d5 Na5 15.
Qd3 Nxb3 16. Neg5 g6 17. axb3 e5 18. Qe3 h6 19. Ne4 f5 20. Nc3 e4 21. Nd4 Bf6
22. b4 Bg7 23. Ra3 Re8 24. Rea1 Qc8 25. Nc6 Qb7 26. Na5 Qb8 27. Nb3 Qc8 28. Nd4
Qb7 29. Ra5 Qb6 30. Nde2 Reb8 31. Qxb6 Rxb6 32. Nd1 Bf6 33. Nec3 h5 34. Ne3 h4
35. h3 Kg7 36. Kh2 Bd4 37. Ncd1 Kg8 38. Kg1 Kf7 39. R1a3 c5 40. bxc5 Bxc5 41.
Ra1 Bb4 42. R5a2 Bd2 43. c3 a5 44. Rxa5 Rxa5 45. Rxa5 Rb8 46. Kf1 b4 47. Ra7
Ke7 48. Ke2 bxc3 49. bxc3 Bxe3 50. Kxe3 Rb5 51. Kd4 Rb1 52. Ne3 Re1 53. Ra2 Rb1
54. c4 Rc1 55. Rb2 Ba4 56. Rb7+ Bd7 57. Rc7 Kd8 58. Ra7 Ke7 59. Rb7 Kd8 60.
Rb8+ Kc7 61. Rg8 Bc8 62. Rxg6 Bd7 63. Rh6 Ra1 64. Rh7 Kd8 65. Rxh4 Ra2 66. c5
dxc5+ 67. Kxc5 Rxf2 68. Kd4 Re2 69. d6 Kc8 70. Rh5 Kb7 71. Nxf5 Rxg2 72. Kxe4
Re2+ 73. Kf3 Ra2 74. Nd4 Ra3+ 75. Ke4 Bxh3 76. Rh7+ Ka6 77. Rxh3 Rxh3 78. d7
Rh8 79. Ne6 Kb7 80. d8=Q Rh1 81. Qc7+ Ka6 82. f5 Rh4+ 83. Ke5 Rg4 84. f6 Rg3
85. Qc6+ Ka7 86. Nc5 Re3+ 87. Kd6 Rd3+ 88. Kc7 Rd7+ 89. Kxd7 Kb8 90. Qb7# 1-0

[Event "ICS rated standard match"]
[Site "204.178.125.65"]
[Date "2000.08.27"]
[Round "?"]
[White "Hossa"]
[Black "kfj"]
[Result "1-0"]
[WhiteElo "2234"]
[BlackElo "1914"]
[PlyCount "103"]
[EventDate "2000.??.??"]

1. e4 e6 2. d4 d5 3. Nd2 Nf6 4. e5 Nfd7 5. Bd3 c5 6. c3 Nc6 7. Ne2 f6 8. Nf4
Qe7 9. exf6 Nxf6 10. dxc5 Qxc5 11. O-O Bd6 12. Nb3 Qb6 13. Re1 e5 14. Nxd5 Nxd5
15. Bc4 Rf8 16. Rf1 Be6 17. Bxd5 Bxd5 18. Qxd5 Ne7 19. Qe4 O-O-O 20. Qxh7 Nf5
21. Bg5 Rde8 22. Qg6 e4 23. Kh1 Kb8 24. Rac1 Rh8 25. h3 Ref8 26. Rce1 e3 27.
Bxe3 Nxe3 28. fxe3 Rxf1+ 29. Rxf1 Rd8 30. Nd4 Qxb2 31. Nc6+ bxc6 32. Rb1 Qxb1+
33. Qxb1+ Kc7 34. Qg6 Rd7 35. Qg5 Kb6 36. g3 Bc5 37. Kg2 a5 38. Qe5 Rd2+ 39.
Kf3 Kb5 40. Qxg7 Rxa2 41. Qb7+ Kc4 42. Qf7+ Kb5 43. Qxa2 a4 44. Qb1+ Kc4 45.
Qe4+ Kb3 46. Qxc6 a3 47. Qxc5 a2 48. Qb4+ Kc2 49. Qa4+ Kb1 50. c4 a1=Q 51.
Qxa1+ Kxa1 52. c5 1-0

[Event "ICS rated standard match"]
[Site "204.178.125.65"]
[Date "2000.08.27"]
[Round "?"]
[White "josechess"]
[Black "Hossa"]
[Result "0-1"]
[WhiteElo "2312"]
[BlackElo "2238"]
[PlyCount "156"]
[EventDate "2000.??.??"]

1. Nf3 Nf6 2. b3 d5 3. Bb2 c6 4. d3 e6 5. Nbd2 Bb4 6. c3 Bd6 7. c4 Nbd7 8. e3
e5 9. cxd5 cxd5 10. Be2 O-O 11. Qc2 Qe7 12. e4 Nb6 13. O-O Bd7 14. Rac1 Rac8
15. Qb1 Bb5 16. Rfe1 Rxc1 17. Qxc1 Rc8 18. Qb1 Nbd7 19. Bf1 Bb4 20. Rc1 Rxc1
21. Qxc1 dxe4 22. dxe4 Bc6 23. Nc4 Nxe4 24. Ncxe5 Nxe5 25. Nxe5 Bc5 26. Nd3 Bd6
27. Qe3 Qc7 28. g3 Qa5 29. Qd4 Bf8 30. Bg2 Ng5 31. Bxc6 bxc6 32. Kg2 Qxa2 33.
Nc5 Qb1 34. h4 Qf5 35. hxg5 Qxc5 36. Qxc5 Bxc5 37. f4 Kf8 38. Kf3 a6 39. Ke4 g6
40. Bf6 Ke8 41. Bc3 Kd7 42. Ke5 Be7 43. g4 Kc7 44. Bd4 c5 45. Bc3 Kc6 46. Ke4
Kb5 47. Kd5 a5 48. Bd2 Bf8 49. Bc3 a4 50. bxa4+ Kxa4 51. Kc4 Ka3 52. Be5 Ka2
53. Kc3 Kb1 54. Kd2 Be7 55. Kd3 Kc1 56. Bc7 Kb2 57. Kc4 Kc2 58. Ba5 Kc1 59. Kd5
Kd1 60. Kc6 c4 61. Kd7 Bc5 62. Ke8 Be3 63. Kxf7 Bd2 64. Bc7 c3 65. Be5 c2 66.
Bb2 Bc1 67. Bd4 Ba3 68. Be3 Ke2 69. f5 Kxe3 70. Kg7 gxf5 71. gxf5 Kf4 72. f6
Bb2 73. Kxh7 Kxg5 74. f7 Ba3 75. Kg7 c1=R 76. f8=R Bxf8+ 77. Kxf8 Kf6 78. Ke8
Rd1 0-1